STUTTENING: FOUNDATION & CLINICAL APPLICATION (Record no. 17877)

MARC details
000 -LEADER
fixed length control field 00321nam a22001457a 4500
003 - CONTROL NUMBER IDENTIFIER
control field SGT
020 ## - INTERNATIONAL STANDARD BOOK NUMBER
International Standard Book Number 978-81-29206-797-1
082 ## - DEWEY DECIMAL CLASSIFICATION NUMBER
Classification number 617.8
Item number S15Y
100 ## - MAIN ENTRY--PERSONAL NAME
Personal name YAIRI, EHUD
245 ## - TITLE STATEMENT
Title STUTTENING: FOUNDATION & CLINICAL APPLICATION
250 ## - EDITION STATEMENT
Edition statement 2ND
260 ## - PUBLICATION, DISTRIBUTION, ETC. (IMPRINT)
Name of publisher, distributor, etc PEARSON
Year of Publication 2015
300 ## - PAGE DESCRIPTION
No. of Pages 542
942 ## - ADDED ENTRY ELEMENTS (KOHA)
Source of classification or shelving scheme Dewey Decimal Classification
Koha item type Books
Holdings
Withdrawn status Lost status Source of classification or shelving scheme Damaged status Not for loan Collection code Home library Current library Shelving location Date acquired Vendor Name Volume Information (Serial or Books or Non-Book Material) SGTU Bill Number Total Checkouts Full call number Accession No. (Barcode) Date last seen Bill Date Koha item type
    Dewey Decimal Classification   Not For Loan MEDICAL SGT Medical Library SGT Medical Library Reference Book 19/04/2019 ADWELL BOOK 43.99 POUND SGTU 1331   617.8 S15Y FM11255 19/04/2019 05/04/2019 Books